000 00404nam a2200169Ia 4500
003 OSt
005 20240614153734.0
008 170619s9999 xx 000 0 und d
020 _a978-8184880274
040 _cIIMT ENGINEERING COLLEGE
100 _aSrivastava- R M
245 0 _aManagement of Indian institution
260 _bNew Dehi HPH
260 _c2005
546 _aENGLISH
942 _2ddc
_c02
999 _c22285
_d22285